[Event "GRE-chT Online Rapid op 1st"]
[Site "Tornelo INT"]
[Date "2021.02.20"]
[Round "3.42"]
[White "Alysandratos, Aristotelis Leo"]
[Black "Karamitanis, Lazaros"]
[Result "0-1"]
[WhiteElo "1201"]
[BlackElo "1154"]
[PlyCount "134"]
[EventDate "2021.02.20"]
[EventType "team-swiss (rapid)"]
[EventRounds "9"]
[EventCountry "GRE"]
[SourceTitle "EXT 2023"]
[Source "ChessBase"]
[SourceDate "2022.10.05"]
[SourceVersion "1"]
[SourceVersionDate "2022.10.05"]
[SourceQuality "1"]

1. e4 c5 2. c3 Nf6 3. e5 Nd5 4. d4 e6 5. Nf3 Nc6 6. Bd3 Nb6 7. 0-0 cxd4 8. Nxd4 Nxd4 9. cxd4 d5 10. Nc3 Bd7 11. Be3 Be7 12. Qc2 h6 13. Qe2 Rc8 14. Rac1 Nc4 15. Bxc4 Rxc4 16. Nb1 Rxc1 17. Rxc1 Bc6 18. Nc3 Bg5 19. Bxg5 Qxg5 20. Rd1 0-0 21. Qd2 Qe7 22. a3 Rc8 23. h3 Qd7 24. Rc1 Bb5 25. Nxb5 Rxc1+ 26. Qxc1 Qxb5 27. Qc8+ Kh7 28. Qc2+ g6 29. b4 Qc4 30. Qxc4 dxc4 31. Kf1 b5 32. Ke2 g5 33. Kd2 Kg6 34. g4 f5 35. exf6 Kxf6 36. f3 Ke7 37. Kc3 Kd6 38. a4 a6 39. axb5 axb5 40. Kd2 Kd5 41. Kc3 e5 42. dxe5 Kxe5 43. Kd2 Kf4 44. Kc3 Kxf3 45. Kd4 Kg3 46. Kc3 Kxh3 47. Kd4 Kxg4 48. Ke3 Kh4 49. Kf3 c3 50. Ke3 g4 51. Kd3 g3 52. Kxc3 g2 53. Kd4 g1Q+ 54. Kd5 Qf1 55. Kc6 Kg3 56. Kb6 h5 57. Kc6 h4 58. Kb6 h3 59. Kc6 h2 60. Kb6 Qf2+ 61. Kxb5 h1Q 62. Ka5 Qa2+ 63. Kb5 Qhd5+ 64. Kb6 Qf2+ 65. Ka6 Qf6+ 66. Ka7 Qdf7+ 67. Kb8 Qh8# 0-1

[Event "GRE-chT Online Rapid op 1st"]
[Site "Tornelo INT"]
[Date "2021.02.20"]
[Round "1.41"]
[White "Dristellas, Neoklis"]
[Black "Karamitanis, Lazaros"]
[Result "1-0"]
[WhiteElo "1893"]
[BlackElo "1154"]
[PlyCount "163"]
[EventDate "2021.02.20"]
[EventType "team-swiss (rapid)"]
[EventRounds "9"]
[EventCountry "GRE"]
[SourceTitle "EXT 2023"]
[Source "ChessBase"]
[SourceDate "2022.10.05"]
[SourceVersion "1"]
[SourceVersionDate "2022.10.05"]
[SourceQuality "1"]

1. e4 c5 2. Nf3 e6 3. d4 cxd4 4. Nxd4 Nc6 5. Nxc6 bxc6 6. Nc3 d5 7. exd5 cxd5 8. Bb5+ Bd7 9. Qd3 Nf6 10. Bg5 Be7 11. 0-0 0-0 12. Bf4 Bb4 13. Bxd7 Qxd7 14. a3 Bxc3 15. Qxc3 Rac8 16. Qb3 Qc6 17. Rac1 Qb6 18. Qxb6 axb6 19. f3 Rfe8 20. Be5 Nd7 21. Bd6 Rc6 22. Bb4 Rec8 23. Rf2 Ne5 24. Bc3 Nc4 25. a4 h6 26. Re2 f6 27. Rd1 Kf7 28. f4 Nd6 29. Bb4 Ne4 30. c3 Nc5 31. a5 bxa5 32. Bxa5 Ra8 33. Bb4 Na6 34. Ba3 Rd8 35. Kf2 Nc5 36. Bxc5 Rxc5 37. Ra1 Rd7 38. Ra6 Re7 39. Kf3 Rb5 40. Rd6 Rbb7 41. Rd2 Ke8 42. f5 Kf7 43. fxe6+ Rxe6 44. R6xd5 Rb3 45. Rd7+ Kg6 46. Rc2 Reb6 47. Rdd2 Rc6 48. Kf2 Rb5 49. c4 Rf5+ 50. Kg1 Rf4 51. b3 Re4 52. g3 Re3 53. Rb2 Rb6 54. b4 Re4 55. Rdc2 Rc6 56. c5 Re1+ 57. Kg2 Re7 58. b5 Rc8 59. b6 Rc6 60. Rb5 Rb7 61. Rd2 Kf5 62. Kf3 Ke5 63. Rd8 Ke6 64. Kf4 Ke7 65. Rd4 Ke6 66. Ra4 Kd5 67. Ra7 Rxa7 68. bxa7 Ra6 69. Rb7 Kxc5 70. Rxg7 Kb6 71. Kf5 Rxa7 72. Rxa7 Kxa7 73. Kxf6 Kb6 74. Kg6 Kc6 75. Kxh6 Kd6 76. g4 Ke6 77. g5 Kf7 78. Kh7 Kf8 79. g6 Ke7 80. g7 Kf6 81. g8Q Kf5 82. Qd5+ 1-0

[Event "GRE-chT Online Rapid op 1st"]
[Site "Tornelo INT"]
[Date "2021.02.20"]
[Round "2.41"]
[White "Karamitanis, Lazaros"]
[Black "Chatzigavriil, Georgios A"]
[Result "1-0"]
[WhiteElo "1154"]
[BlackElo "1274"]
[PlyCount "137"]
[EventDate "2021.02.20"]
[EventType "team-swiss (rapid)"]
[EventRounds "9"]
[EventCountry "GRE"]
[SourceTitle "EXT 2023"]
[Source "ChessBase"]
[SourceDate "2022.10.05"]
[SourceVersion "1"]
[SourceVersionDate "2022.10.05"]
[SourceQuality "1"]

1. d4 d5 2. Nf3 c5 3. c3 Nf6 4. Bf4 e6 5. e3 Nc6 6. Bb5 Be7 7. Ne5 Bd7 8. Nxd7 Qxd7 9. Nd2 a6 10. Be2 0-0 11. h3 Bd6 12. Bxd6 Qxd6 13. 0-0 c4 14. a4 b5 15. axb5 axb5 16. Qc2 b4 17. Rfb1 b3 18. Qd1 Qc7 19. Rxa8 Rxa8 20. Ra1 Rxa1 21. Qxa1 Qa7 22. Qxa7 Nxa7 23. Nxc4 dxc4 24. Bxc4 Kf8 25. Bxb3 Ke7 26. Kf1 Kd6 27. c4 Ne4 28. Ke2 Nc6 29. Bc2 Nf6 30. Kd2 Na5 31. Kc3 Nc6 32. b4 Kc7 33. c5 Nd5+ 34. Kc4 h6 35. b5 Na5+ 36. Kd3 Nb4+ 37. Kc3 Nxc2 38. Kxc2 e5 39. Kc3 exd4+ 40. exd4 Kd7 41. c6+ Kc7 42. Kb4 Nxc6+ 43. bxc6 Kxc6 44. Kc4 h5 45. d5+ Kd6 46. Kd4 f5 47. f3 g5 48. g4 hxg4 49. hxg4 f4 50. Ke4 Kc5 51. Kf5 Kxd5 52. Kxg5 Ke5 53. Kh6 Kd4 54. g5 Ke3 55. g6 Kxf3 56. g7 Ke2 57. g8Q f3 58. Qg4 Ke3 59. Qg1+ Ke2 60. Qg4 Ke3 61. Qe6+ Kd2 62. Qd5+ Ke2 63. Qe4+ Kf2 64. Kg5 Kg2 65. Kf4 Kf2 66. Qxf3+ Kg1 67. Qe2 Kh1 68. Kg3 Kg1 69. Qe1# 1-0

[Event "GRE-chT 45th"]
[Site "Achaia"]
[Date "2017.07.07"]
[Round "6.11"]
[White "Karamitanis, Lazaros"]
[Black "Spanos, Dimitrios"]
[Result "1-0"]
[WhiteElo "1087"]
[BlackElo "1362"]
[PlyCount "57"]
[EventDate "2017.07.03"]
[EventType "team-swiss"]
[EventRounds "7"]
[EventCountry "GRE"]
[SourceTitle "CBM 179 Extra"]
[Source "ChessBase"]
[SourceDate "2017.08.23"]
[SourceVersion "1"]
[SourceVersionDate "2017.08.23"]
[SourceQuality "1"]
[WhiteTeam "Florinas OP"]
[BlackTeam "Von Heraklion Attica"]
[WhiteTeamCountry "GRE"]
[BlackTeamCountry "GRE"]

1. e4 c5 2. Nf3 e6 3. c3 d5 4. exd5 exd5 5. Bb5+ Nc6 6. d4 Bd7 7. 0-0 Bd6 8. dxc5 Bxc5 9. Qxd5 Be7 10. Ne5 Nxe5 11. Qxe5 Nf6 12. Rd1 0-0 13. Bxd7 Nxd7 14. Qf5 g6 15. Qxd7 Qxd7 16. Rxd7 Rad8 17. Rxd8 Rxd8 18. Bd2 Bg5 19. f4 Be7 20. Be3 Rd1+ 21. Kf2 a6 22. h3 a5 23. Ke2 Rh1 24. Bd4 a4 25. b3 Ba3 26. c4 Bc1 27. Nc3 axb3 28. axb3 Rh2 29. Ra8# 1-0

[Event "GRE-chT 45th"]
[Site "Achaia"]
[Date "2017.07.05"]
[Round "4.10"]
[White "Karamitanis, Lazaros"]
[Black "Tzagarakis, Panagiotis"]
[Result "0-1"]
[WhiteElo "1087"]
[BlackElo "1670"]
[PlyCount "64"]
[EventDate "2017.07.03"]
[EventType "team-swiss"]
[EventRounds "7"]
[EventCountry "GRE"]
[SourceTitle "CBM 179 Extra"]
[Source "ChessBase"]
[SourceDate "2017.08.23"]
[SourceVersion "1"]
[SourceVersionDate "2017.08.23"]
[SourceQuality "1"]
[WhiteTeam "Florinas OP"]
[BlackTeam "Chania Kaissa"]
[WhiteTeamCountry "GRE"]
[BlackTeamCountry "GRE"]

1. d4 d5 2. Nf3 Nf6 3. Bf4 c5 4. e3 Nc6 5. c3 Qb6 6. Qb3 c4 7. Qxb6 axb6 8. Nbd2 b5 9. Ne5 Nh5 10. Nxc6 bxc6 11. Bc7 Bf5 12. Be2 Nf6 13. f3 h5 14. 0-0 Kd7 15. Be5 e6 16. e4 Bg6 17. Bxf6 gxf6 18. exd5 cxd5 19. b3 Ba3 20. f4 Bb2 21. Rad1 Bc2 22. Rde1 Bxc3 23. Rc1 Bxd4+ 24. Kh1 Rxa2 25. bxc4 Be3 26. Ra1 Rha8 27. Rxa2 Rxa2 28. cxd5 Bxd2 29. Bxb5+ Kd6 30. dxe6 fxe6 31. h3 h4 32. g4 Be4+ 0-1